Terraria Boss Loot - Statistics

General Stats
  • This quiz has been taken 193 times
  • The average score is 33 of 108
Answer Stats
Boss Item % Correct
King Slime Slimy Saddle
66%
Brain of Cthulhu | Eye of Cthulhu Crimtane Ore
64%
Eater of Worlds | Eye of Cthulhu Demonite Ore
64%
King Slime Slime Hook
56%
Skeletron Prime | The Destroyer | The Twins Hallowed Bar
54%
King Slime Ninja Pants
54%
The Destroyer Soul of Might
54%
The Twins Soul of Sight
54%
Skeletron Prime Soul of Fright
53%
Moon Lord Meowmere
49%
King Slime Solidifier
49%
King Slime Ninja Shirt
48%
Eater of Worlds Shadow Scale
48%
Wall of Flesh Breaker Blade
46%
Brain of Cthulhu Tissue Sample
46%
Wall of Flesh Ranger Emblem
45%
Moon Lord Star Wrath
45%
Queen Bee Bee Keeper
44%
Queen Bee Bee Gun
43%
King Slime Ninja Hood
43%
Plantera Seedler
43%
Wall of Flesh Warrior Emblem
43%
Wall of Flesh Pwnhammer
42%
Lunatic Cultist Ancient Manipulator
41%
Wall of Flesh Summoner Emblem
41%
King Slime Slime Gun
40%
Queen Bee The Bee's Knees
40%
Eye of Cthulhu Crimson Seeds
39%
Queen Bee Beenade
38%
Plantera Temple Key
38%
Wall of Flesh Laser Rifle
37%
Wall of Flesh Sorcerer Emblem
37%
Plantera The Axe
37%
Wall of Flesh Clockwork Assault Rifle
36%
Eye of Cthulhu Corrupt Seeds
36%
Moon Lord Last Prism
36%
Golem Golem Fist
34%
Duke Fishron Fishron Wings
33%
Duke Fishron Bubble Gun
32%
Skeletron Book of Skulls
31%
Moon Lord Luminite
31%
Moon Lord S.D.M.G.
31%
Duke Fishron Flairon
30%
Queen Bee Bee Wax
29%
Duke Fishron Tsunami
29%
Duke Fishron | Golem | Lunatic Cultist | +5 others Greater Healing Potion
28%
Brain of Cthulhu | Duke Fishron | Eater of Worlds | +3 others Lesser Healing Potion
28%
Golem Sun Stone
28%
Queen Bee Bee Hat
26%
Queen Bee Bee Pants
26%
Queen Bee Bee Shirt
26%
Golem Eye of the Golem
26%
Wall of Flesh Healing Potion
26%
Queen Bee Honey Comb
26%
Plantera Pygmy Staff
26%
Duke Fishron Razorblade Typhoon
26%
Moon Lord Celebration
25%
Golem Picksaw
25%
Moon Lord Terrarian
25%
Moon Lord Lunar Portal Staff
23%
Eye of Cthulhu Binoculars
22%
Queen Bee Bottled Honey
22%
Plantera Grenade Launcher
22%
Moon Lord Portal Gun
22%
Moon Lord Lunar Flare
20%
Golem Possessed Hatchet
19%
Moon Lord Rainbow Crystal Staff
19%
Skeletron Skeletron Hand
19%
Plantera Venus Magnum
19%
Plantera Wasp Gun
19%
Queen Bee Honeyed Goggles
18%
Plantera Flower Pow
16%
Plantera Leaf Blower
16%
Golem Staff of Earth
16%
Duke Fishron Tempest Staff
16%
Queen Bee Hive Wand
14%
Plantera Nettle Burst
14%
Eye of Cthulhu Unholy Arrow
14%
Brain of Cthulhu Bone Rattle
13%
Golem Heat Ray
13%
Golem Beetle Husk
12%
Eater of Worlds Eater's Bone
12%
Queen Bee Nectar
12%
Golem Stynger
12%
Plantera Rocket I
7%
Plantera Zapinator
5%
Plantera Seedling
4%
Golem Stynger Bolt
4%
Plantera Thorn Hook
4%
The Twins Horned God Boots
3%
Skeletron Prime Horned God Mask
3%
The Destroyer Horned God Robe
3%
No matching quizzes found
Score Distribution
Percent of People with Each Score
Percentile by Number Answered
Your Score History
You have not taken this quiz